Onze Vader (Katholiek) - Statistieken

Algemene statistieken
  • Deze quiz is 19 keer genomen
    18 sinds de laatste reset
  • De gemiddelde score is 42 van 53
Antwoordstatistieken
Antwoord % Correct
de
100%
de
100%
in
100%
in
100%
in
100%
Vader
100%
Die
94%
hemel
94%
hemel
94%
naam
94%
Onze
94%
onze
94%
onze
94%
geheiligd
89%
ons
89%
ons
89%
ons
89%
ons
89%
ons
89%
Uw
89%
Uw
89%
Uw
89%
zijt
89%
en
83%
en
83%
kome
83%
van
83%
aarde
78%
brood
78%
geef
78%
op
78%
schulden
78%
vergeef
78%
zoals
78%
zoals
78%
ook
72%
verlos
72%
wij
72%
worde
72%
dagelijks
67%
geschiede
67%
heden
67%
het
67%
rijk
67%
vergeven
67%
wil
67%
niet
61%
schuldenaren
61%
kwade
56%
maar
56%
aan
50%
beproeving
39%
breng
39%
Geen overeenkomende quizzen gevonden
Scoreverdeling
Procent van Mensen met Elke Score
Percentiel versus Aantal Correcte Antwoorden
Uw Scoregeschiedenis
U heeft deze quiz nog niet genomen sinds de laatste reset